000
00323nam a22001457a 4500
008
230127b ||||| |||| 00| 0 eng d
020
_a
9780205625284
041
_a
eng
080
_2
SEVENTH EDITION
_a
7
082
_a
7WEX
100
_a
21
101
_a
ART
245
_a
A HISTORY OF FILM
_c
WEXMAN W V
942
_2
udc
_c
BK
999
_c
59282
_d
59282